| 000 | 01160nam a2200301 i 4500 | ||
|---|---|---|---|
| 003 | DO-SdBNP | ||
| 005 | 20240214143149.0 | ||
| 007 | ta | ||
| 008 | 240214s2023 dr 000 j spa d | ||
| 020 | _a9789945643893 | ||
| 040 |
_aDO-SdBNP _bspa _cBNPHU _erda |
||
| 082 |
_bV297 _222 |
||
| 100 |
_aVargas Guerrero, José alejandro _984889 |
||
| 245 | 1 | 3 |
_aEl Tribunal Constitucional y las garantías de derechos fundamentales : _banálisis general y procedimiento de amparo, habeas data, habeas corpus, inconstitucionalidad / _cJosé Alejandro Vargas Guerrero ; presentación Milton Ray Guevara |
| 250 | _a2a. edición corregida y aumentada | ||
| 264 | 1 |
_aSanto Domingo : _bTribunal Constitucional, _bCentro de Estudios Constitucionales, _c2023. |
|
| 300 |
_a716 páginas, _c23 cm. |
||
| 336 |
_2rdacontent _atexto _btxt |
||
| 337 |
_2rdamedia _asin mediación _bn |
||
| 338 |
_2rdacarrier _avolumen _bnc |
||
| 490 | _aJUDEX | ||
| 500 | _aIncluye notas a pie de páginas | ||
| 504 | _aBibliografía p: 693-716. | ||
| 590 | _aInventariado, 2024/ YL | ||
| 700 | 1 |
_aRay Guevara, Milton _epresentación _984887 |
|
| 910 | _aYLockward | ||
| 942 |
_2ddc _cLBS1 |
||
| 999 |
_c55952 _d55952 |
||